[Event "London Classic Open 2017"]
[Site "London ENG"]
[Date "2017.12.08"]
[Round "8.49"]
[White "Richardson, John R"]
[Black "Paquico Rodriguez, Ivan"]
[Result "0-1"]
[WhiteTitle "FM"]
[WhiteElo "2243"]
[BlackElo "2137"]
[WhiteFideId "401617"]
[BlackFideId "2256320"]
[EventDate "2017.12.02"]

1. Nf3 g6 2. d4 Bg7 3. c4 d6 4. Nc3 e5 5. dxe5 dxe5 6. Qxd8+ Kxd8 7. e4 f6 8.
Be2 Be6 9. O-O Ne7 10. Rd1+ Ke8 11. Nb5 Na6 12. Be3 Kf7 13. a3 h6 14. Nd2 f5 15.
f3 Rhd8 16. Nxa7 c6 17. b4 Rd4 18. b5 Nc5 19. b6 f4 20. Bxd4 exd4 21. a4 d3 22.
Bf1 Bd4+ 23. Kh1 Bxa1 24. Rxa1 g5 25. a5 Ng6 26. a6 Ne5 27. axb7 Nxb7 28. Rb1
Rb8 29. Kg1 Ke8 30. h4 Kd7 31. hxg5 hxg5 32. g3 Nc5 33. Rb4 Kd6 34. Kf2 Na6 35.
Rb3 Rb7 36. gxf4 gxf4 37. Rc3 Nc5 38. Nb3 Nxb3 39. Rxb3 Bxc4 40. Rb2 Ba6 41.
Nc8+ Kc5 42. Ra2 Bc4 43. Rb2 Be6 44. Ne7 d2 45. Rxd2 Rxe7 46. Rd8 Kxb6 47. Rf8
Bf7 48. Be2 Kc5 49. Rh8 Bc4 50. Rf8 Bxe2 51. Kxe2 Rf7 52. Re8 Kd4 53. Rd8+ Nd7
54. Ra8 c5 55. Ra2 Rh7 56. Rd2+ Kc4 57. Rd5 Nb6 58. Rf5 Rh2+ 59. Kf1 Rh4 60. e5
Nd5 61. Rg5 Rh6 62. Kg1 Re6 0-1

[Event "London Classic Open 2017"]
[Site "London ENG"]
[Date "2017.12.08"]
[Round "8.50"]
[White "Kwon, Sehyun"]
[Black "Bukojemski, Adam"]
[Result "1-0"]
[WhiteTitle "CM"]
[WhiteElo "2117"]
[BlackElo "2224"]
[WhiteFideId "13203088"]
[BlackFideId "1114620"]
[EventDate "2017.12.02"]

1. e4 c5 2. Nf3 d6 3. Bb5+ Nc6 4. O-O Bd7 5. Re1 a6 6. Bf1 Nf6 7. h3 Qc7 8. c3
e5 9. d4 g6 10. dxc5 dxc5 11. Na3 Rd8 12. Bd2 Bg7 13. Qc1 h6 14. b4 b5 15. c4
bxc4 16. bxc5 g5 17. Nxc4 O-O 18. Bc3 Nh5 19. Nd6 Nd4 20. Nxd4 exd4 21. Bd2 Nf4
22. Qa3 Ra8 23. Rac1 Be5 24. Nc4 Bc6 25. g3 Ne6 26. Ba5 Qb8 27. Rb1 Bb5 28. Nb6
Ra7 29. Nd5 d3 30. Kg2 f5 31. exf5 Rxf5 32. Bxd3 Rxf2+ 33. Kxf2 Bxg3+ 34. Kg2
Nf4+ 35. Nxf4 Qxf4 36. Bc4+ Qxc4 37. Qxg3 Rf7 38. Rb2 Bc6+ 39. Kh2 Kh7 40. Rf2 1-0

[Event "London Classic Open 2017"]
[Site "London ENG"]
[Date "2017.12.08"]
[Round "8.51"]
[White "Guelsen, Taylan"]
[Black "Abrahams, Daniel"]
[Result "1/2-1/2"]
[WhiteElo "2213"]
[BlackElo "2130"]
[WhiteFideId "24603635"]
[BlackFideId "2606879"]
[EventDate "2017.12.02"]

1. d4 Nf6 2. Nf3 e6 3. Bf4 c5 4. e3 cxd4 5. exd4 b6 6. Nbd2 Bb7 7. Bd3 Be7 8. h3
d6 9. O-O Nbd7 10. Re1 O-O 11. Bh2 Re8 12. a4 a6 13. a5 b5 14. c4 bxc4 15. Nxc4
Nf8 16. Nb6 Ra7 17. Nd2 N8d7 18. Nbc4 Nb8 19. Qa4 Bc6 20. Qb3 Rb7 21. Nb6 Nfd7
22. Qc2 Nxb6 1/2-1/2

[Event "London Classic Open 2017"]
[Site "London ENG"]
[Date "2017.12.08"]
[Round "8.52"]
[White "Megalios, Konstantinos"]
[Black "Yoon, Jacob D"]
[Result "1-0"]
[WhiteElo "2203"]
[BlackElo "2045"]
[WhiteFideId "4238044"]
[BlackFideId "446076"]
[EventDate "2017.12.02"]

1. e4 c5 2. Nf3 e6 3. c3 Nf6 4. e5 Nd5 5. Bc4 Nb6 6. Bb3 d6 7. exd6 Bxd6 8. d4
O-O 9. O-O Nc6 10. Be3 cxd4 11. cxd4 Na5 12. Bc2 h6 13. Nc3 Nac4 14. Qd3 f5 15.
Bb3 Nxe3 16. Qxe3 Qf6 17. Rfe1 Re8 18. Ne5 Kh7 19. Qf3 Rb8 20. a3 Nd7 21. Nc4
Bf8 22. Qf4 b5 23. Na5 Rb6 24. Nd5 Qd8 25. Nxb6 Qxb6 26. Qd2 Nf6 27. Bc2 Rd8 28.
Rad1 Bd6 29. b4 Bc7 30. Qc3 Qd6 31. Qg3 Qd7 32. Qf3 Bb6 33. Nc6 Rf8 34. Bb3 Qd6
35. Ne5 Qc7 36. Qc6 Qxc6 37. Nxc6 Re8 38. Kf1 Bb7 39. Ne5 Nd5 40. Nd7 Kg6 41.
Nc5 Bxc5 42. dxc5 Kf7 43. Bxd5 exd5 44. Rxe8 Kxe8 45. Ke2 Kf7 46. Kd3 Kf6 47.
Kd4 Bc6 48. f4 g5 49. g3 h5 50. h4 g4 51. Re1 a6 52. Re5 Bb7 53. Re8 Bc6 54. Rb8
Ke6 55. Rb6 Kd7 56. Rxa6 Kc7 57. Ra7+ Bb7 58. Rxb7+ Kxb7 59. Kxd5 1-0

[Event "London Classic Open 2017"]
[Site "London ENG"]
[Date "2017.12.08"]
[Round "8.53"]
[White "Manole, Stefan"]
[Black "Harley, Andrew D"]
[Result "0-1"]
[BlackTitle "FM"]
[WhiteElo "2081"]
[BlackElo "2196"]
[WhiteFideId "1203274"]
[BlackFideId "401390"]
[EventDate "2017.12.02"]

1. e4 e6 2. d4 d5 3. Nd2 c5 4. exd5 Qxd5 5. Ngf3 cxd4 6. Bc4 Qd6 7. O-O Nf6 8.
Nb3 Nc6 9. Nbxd4 Nxd4 10. Nxd4 a6 11. Re1 Qc7 12. Qe2 h6 13. g3 Bc5 14. Bf4 Qb6
15. c3 O-O 16. Rad1 Rd8 17. Be5 Be7 18. Bd3 Bd7 19. Bb1 Ba4 20. b3 Be8 21. Qd3
g6 22. Qf3 Nd7 23. Bf4 Bf8 24. Be3 Qc7 25. h4 e5 26. Nf5 gxf5 27. Qxf5 Bg7 28.
Qh7+ Kf8 29. Bxh6 Bxh6 30. Qxh6+ Ke7 31. Qg5+ f6 32. Qg7+ Bf7 33. Bg6 Rf8 34. h5
Nc5 35. f4 Ne6 36. Qh7 Qxc3 37. Kh2 Rad8 38. Rc1 Rd2+ 39. Kh3 Qf3 40. Bxf7 Nxf4+ 0-1

[Event "London Classic Open 2017"]
[Site "London ENG"]
[Date "2017.12.08"]
[Round "8.54"]
[White "Brooks, Phil J"]
[Black "Bansal, Rohan"]
[Result "1-0"]
[WhiteElo "2192"]
[BlackElo "1971"]
[WhiteFideId "405540"]
[BlackFideId "425052"]
[EventDate "2017.12.02"]

1. d4 e6 2. c4 Nf6 3. Nc3 Bb4 4. Qc2 O-O 5. a3 Bxc3+ 6. Qxc3 b6 7. Bg5 Bb7 8. f3
h6 9. Bh4 d5 10. e3 Nbd7 11. cxd5 exd5 12. Bd3 Re8 13. Ne2 Qe7 14. Bf2 c5 15.
O-O Rac8 16. Qd2 Nf8 17. b4 Ne6 18. bxc5 bxc5 19. Qa5 c4 20. Bf5 Qc7 21. Qxc7
Rxc7 22. Nc3 Bc6 23. Rfb1 g6 24. Bc2 Nd8 25. Rb4 Rb7 26. Rab1 Ree7 27. Rxb7 Rxb7
28. Rxb7 Nxb7 29. e4 dxe4 30. fxe4 Bd7 31. d5 a6 32. Bd4 Ne8 33. e5 Nc7 34. a4
Na5 35. Bb6 1-0

[Event "London Classic Open 2017"]
[Site "London ENG"]
[Date "2017.12.08"]
[Round "8.55"]
[White "Compton, Alistair"]
[Black "Luncasu, Raul-Ionut"]
[Result "1/2-1/2"]
[WhiteElo "2071"]
[BlackElo "2191"]
[WhiteFideId "4300645"]
[BlackFideId "1206222"]
[EventDate "2017.12.02"]

1. e4 c5 2. c3 d6 3. d4 Nf6 4. f3 Nbd7 5. Be3 g6 6. Qd2 Bg7 7. Bc4 Qc7 8. Bb3 h5
9. Nh3 e5 10. Na3 a6 11. Ng5 O-O 12. dxe5 Nxe5 13. Nc4 Nxc4 14. Bxc4 b5 15.
Bxf7+ Rxf7 16. Nxf7 Kxf7 17. Bf4 Be6 18. Qxd6 Qxd6 19. Bxd6 Nd7 20. Kd2 a5 21.
f4 Ra6 22. e5 a4 23. Ke3 Rc6 24. b4 axb3 25. axb3 Bxb3 26. Ra7 Ke6 27. Rha1 Ba4
28. c4 Rxd6 29. R1xa4 bxa4 30. exd6 Bd4+ 31. Kd3 Bg1 32. h3 Bh2 33. Ke4 Nb6 34.
d7 Nxd7 35. Ra6+ Kf7 36. Ra7 Ke6 37. Ra6+ Kf7 38. Ra7 Ke6 1/2-1/2

[Event "London Classic Open 2017"]
[Site "London ENG"]
[Date "2017.12.08"]
[Round "8.56"]
[White "Kim, Jinsoo"]
[Black "Yuan, Yuanling"]
[Result "1/2-1/2"]
[BlackTitle "WIM"]
[WhiteElo "1986"]
[BlackElo "2243"]
[WhiteFideId "13202405"]
[BlackFideId "8604541"]
[EventDate "2017.12.02"]

1. e4 c5 2. Nf3 d6 3. d4 cxd4 4. Nxd4 Nf6 5. Nc3 g6 6. Be3 Bg7 7. f3 a6 8. Qd2
Nbd7 9. Be2 b5 10. a4 bxa4 11. Rxa4 Bb7 12. Nb3 Ne5 13. O-O O-O 14. Rfa1 Qc7 15.
Na5 Bc8 16. Nc4 Ned7 17. Bd4 Nc5 18. R4a3 Be6 19. Ne3 Qb7 20. e5 Nfd7 21. exd6
Qxb2 22. Bxg7 Kxg7 23. dxe7 Rfe8 24. Qd4+ f6 25. Ra5 Qb6 26. Ncd5 Qd6 27. Rd1
Bf7 28. Nc4 Qxd5 29. Qxd5 Bxd5 30. Rxd5 Rxe7 31. Kf2 Rae8 32. Bf1 Rc8 33. Ne3 1/2-1/2

[Event "London Classic Open 2017"]
[Site "London ENG"]
[Date "2017.12.08"]
[Round "8.57"]
[White "Jyothilal, N."]
[Black "Britton, Richard L"]
[Result "1/2-1/2"]
[BlackTitle "FM"]
[WhiteElo "2063"]
[BlackElo "2239"]
[WhiteFideId "5002605"]
[BlackFideId "401692"]
[EventDate "2017.12.02"]

1. d4 Nf6 2. c4 e6 3. g3 d5 4. Bg2 Be7 5. Nf3 O-O 6. O-O b6 7. cxd5 exd5 8. Nc3
Bb7 9. Bf4 Na6 10. Ne5 Ne4 11. Rc1 c5 12. Nb5 f6 13. Nf3 Qd7 14. a4 Nb4 15. h4
Bc6 16. dxc5 bxc5 17. Nd2 f5 18. Nxe4 fxe4 19. f3 a6 20. Na3 exf3 21. Bxf3 Rae8
22. b3 Bxh4 23. Rxc5 Rxf4 24. Rxc6 Bxg3 25. Rc3 Ref8 26. Kg2 Bh4 27. Rh1 Bf6 28.
Rc5 Bd4 29. Rc1 Bb2 30. Nc2 Bxc1 31. Nxb4 Rg4+ 32. Kf1 Bh6 33. Nxd5 Kh8 34. Ke1
Rg5 35. Rxh6 Rxf3 36. Rxh7+ Kxh7 37. Nf6+ Rxf6 38. Qxd7 Rff5 39. e4 Rf3 40. b4
Re3+ 41. Kf2 Rxe4 42. Qh3+ Kg6 43. Qd3 Rf5+ 44. Kg3 Rff4 45. Qxa6+ Kh5 46. a5
Rg4+ 47. Kf3 Rgf4+ 48. Kg3 Rf5 49. Qa8 1/2-1/2

[Event "London Classic Open 2017"]
[Site "London ENG"]
[Date "2017.12.08"]
[Round "8.58"]
[White "Blasco Coll, Andreu"]
[Black "Marentini, Marcel"]
[Result "1-0"]
[WhiteElo "2236"]
[BlackElo "2055"]
[WhiteFideId "22272836"]
[BlackFideId "1318730"]
[EventDate "2017.12.02"]

1. d4 e6 2. c4 Nf6 3. g3 d5 4. Nf3 dxc4 5. Bg2 c5 6. O-O Nc6 7. Qa4 Bd7 8. Qxc4
b5 9. Qd3 Rc8 10. dxc5 Bxc5 11. Nc3 a6 12. Bg5 Be7 13. Bxf6 gxf6 14. Rfd1 Nb8
15. Qe3 h5 16. Ne4 Kf8 17. Rd3 Qc7 18. Rc3 Qd8 19. Rd1 Rxc3 20. Qxc3 Kg7 21. Nc5
Bxc5 22. Qxc5 Qc8 23. Qd4 Qc7 24. Nh4 Qe5 25. Qd2 Bc6 26. Rc1 Bxg2 27. Nxg2 Qe4
28. h4 Nc6 29. Nf4 e5 30. Ne6+ Kg6 31. f3 Qf5 32. Rxc6 fxe6 33. Kg2 e4 34. Qd7
exf3+ 35. exf3 Qe5 36. Qxe6 Qxb2+ 37. Kh3 Rf8 38. Qe4+ Kg7 39. Qf5 Rf7 40. Qxh5
Qxa2 41. Qg4+ Kh7 42. Rc8 Qd5 43. Qg8+ Kh6 44. Qh8+ Kg6 45. Rg8+ Kf5 46. Qh5+
Ke6 47. Re8+ 1-0

[Event "London Classic Open 2017"]
[Site "London ENG"]
[Date "2017.12.08"]
[Round "8.59"]
[White "Seymour, Timothy P"]
[Black "Barj, Julien"]
[Result "0-1"]
[WhiteElo "2072"]
[BlackElo "2226"]
[WhiteFideId "412112"]
[BlackFideId "629200"]
[EventDate "2017.12.02"]

1. d4 Nf6 2. Nf3 g6 3. c4 Bg7 4. e3 O-O 5. Be2 c5 6. d5 d6 7. Nc3 Na6 8. O-O Nc7
9. h3 Bf5 10. Bd3 Bd7 11. e4 a6 12. a4 b5 13. e5 dxe5 14. Re1 bxc4 15. Bxc4 e4
16. Nxe4 Nxe4 17. Rxe4 Bf5 18. Re2 Ne8 19. Bg5 Ra7 20. Ne5 Bxe5 21. Rxe5 Nd6 22.
Qe2 f6 23. Rxf5 Nxf5 24. Bf4 Kg7 25. Rd1 Qa5 26. b3 Rd8 27. Qg4 Nd6 28. Bd3 Qb4
29. Bc2 Nf7 30. Qg3 Rad7 31. Bd2 Qb8 32. Bf4 e5 33. dxe6 Rxd1+ 34. Kh2 Ne5 35.
e7 R8d7 36. Qh4 Qe8 37. Qh6+ Kg8 38. Bxe5 fxe5 39. Bf5 Rxe7 0-1

[Event "London Classic Open 2017"]
[Site "London ENG"]
[Date "2017.12.08"]
[Round "8.60"]
[White "Barton, R Alan"]
[Black "Stigar, Petter"]
[Result "0-1"]
[BlackTitle "FM"]
[WhiteElo "2052"]
[BlackElo "2214"]
[WhiteFideId "404233"]
[BlackFideId "1500341"]
[EventDate "2017.12.02"]

1. d4 d5 2. Nf3 Nf6 3. e3 e6 4. Nbd2 c5 5. Bb5+ Bd7 6. Qe2 Bxb5 7. Qxb5+ Qd7 8.
Qe2 Nc6 9. O-O Be7 10. Ne5 Qc7 11. Nxc6 Qxc6 12. Nf3 O-O 13. Ne5 Qc7 14. c3 Bd6
15. f4 Ne4 16. Ng4 f5 17. Nf2 Nf6 18. Bd2 c4 19. g4 g6 20. g5 Ne8 21. Nh1 h5 22.
h4 Rb8 23. Ng3 Ng7 24. Qd1 b5 25. a3 Rb7 26. Ne2 Rfb8 27. Nc1 Bf8 28. Na2 a5 29.
Be1 Ne8 30. Rf2 Nd6 31. Rc2 Ne4 32. Kg2 Ra7 33. Rcc1 Bd6 34. Kf3 Qb7 35. Kg2 Bf8
36. Kg1 Ra6 37. Kg2 Rb6 38. Kg1 Nd6 39. Kh2 Nc8 40. Bd2 Na7 41. Kg3 Bd6 42. Rcb1
Nc6 43. Nc1 Qc7 44. Ra2 Qg7 45. Rba1 Rd8 46. Ne2 Rdb8 47. Kf3 Rf8 48. Kg2 Rb7
49. Kh3 Ra8 50. Kg2 Rba7 51. Kf3 Qb7 52. Kg3 Ra6 53. Kf2 Bf8 54. Kg3 Ne7 55. Kf2
Nc8 56. Kf3 Nd6 57. Ng3 Ne4 58. Nxe4 fxe4+ 59. Kg3 Qd7 60. Qe2 Bd6 61. Qd1 Rf8
62. Qe2 Raa8 63. Kg2 Rf7 64. Rf1 Qc6 65. Rfa1 Rf5 66. Kg1 Rf7 67. Qg2 Rfa7 68.
Qh3 Bf8 69. Kh2 Kf7 70. Qf1 Ra6 71. Qd1 Ke8 72. Kg2 Kd8 73. Qh1 R8a7 74. Kf2 Kc8
75. Qf1 Qd7 76. Qd1 Qf7 77. Kg3 Qf5 78. Qe2 Bd6 79. Kh2 Rb6 80. Qg2 Raa6 81. Qh3
Kb7 82. Qxf5 exf5 83. Kg2 b4 84. axb4 axb4 85. Kf2 bxc3 86. Bxc3 Rxa2 87. Rxa2
Ra6 88. Rxa6 Kxa6 89. Ke2 Kb5 90. Kd1 Ka4 91. Kc2 Bb4 92. Kd2 Kb3 93. Bxb4 Kxb4
94. Kc2 Ka5 95. Kd2 Kb5 96. Kc3 Ka4 97. Kd2 Kb3 98. Kc1 c3 99. Kb1 Kc4 100. Kc2
cxb2 101. Kxb2 Kd3 0-1

[Event "London Classic Open 2017"]
[Site "London ENG"]
[Date "2017.12.08"]
[Round "8.61"]
[White "Hagesather, Arne"]
[Black "Ledger, Dave J"]
[Result "0-1"]
[BlackTitle "FM"]
[WhiteElo "2046"]
[BlackElo "2209"]
[WhiteFideId "1502476"]
[BlackFideId "401986"]
[EventDate "2017.12.02"]

1. d4 Nf6 2. c4 g6 3. Nc3 Bg7 4. Nf3 d6 5. e4 O-O 6. Be2 e5 7. dxe5 dxe5 8. Qxd8
Rxd8 9. Bg5 c6 10. Nxe5 Na6 11. Nxf7 Kxf7 12. e5 Nb4 13. O-O Bf5 14. exf6 Bxf6
15. Bxf6 Kxf6 16. g4 Bd3 17. a3 Bxe2 18. Nxe2 Nd3 19. b3 Ne5 20. g5+ Kf5 21. f4
Nd3 22. Rad1 Nc5 23. Nd4+ Kg4 24. Rd2 Ne4 25. Rg2+ Kh3 26. Rf3+ Kh4 27. Rd3 Nc5
28. Nf3+ Kh5 29. Re3 Rd3 30. Rxd3 Nxd3 31. h3 Nxf4 32. Rg3 Ne2+ 0-1

[Event "London Classic Open 2017"]
[Site "London ENG"]
[Date "2017.12.08"]
[Round "8.62"]
[White "Willmoth, Robert F"]
[Black "Nettleton, Charlie B"]
[Result "1-0"]
[WhiteTitle "CM"]
[WhiteElo "2202"]
[BlackElo "2047"]
[WhiteFideId "402540"]
[BlackFideId "419710"]
[EventDate "2017.12.02"]

1. d4 d5 2. c4 dxc4 3. e3 e5 4. Nf3 exd4 5. exd4 Nf6 6. Bxc4 Bd6 7. h3 O-O 8.
O-O h6 9. Nc3 c6 10. Bb3 Bf5 11. Ne5 Nbd7 12. Qf3 Bh7 13. Bf4 Qc7 14. Rae1 a6
15. Re2 c5 16. Nxf7 Rxf7 17. Bxf7+ Kxf7 18. Nd5 Qc6 19. Bxd6 Qxd6 20. Re7+ Kg8
21. dxc5 Qc6 22. Nxf6+ Nxf6 23. Qb3+ Kh8 24. Qxb7 Qxb7 25. Rxb7 Rc8 26. b4 Bd3
27. Ra1 Ne4 28. a4 a5 29. Rc1 axb4 30. Rxb4 Rxc5 31. Rxc5 Nxc5 32. a5 Na6 33.
Rd4 Bb5 34. f4 Kg8 35. g4 Kf7 36. Rd6 Ke7 37. Rg6 Kf7 38. Rb6 Bd3 39. f5 Nc5 40.
Rc6 Na6 41. Kf2 Bb5 42. Rb6 Bd3 43. Ke3 Bf1 44. h4 Nc5 45. Rc6 Na6 46. g5 hxg5
47. hxg5 Nb4 48. Rc7+ Kf8 49. Kd4 Bg2 50. Kc4 Nc6 51. a6 Ne5+ 52. Kc5 Nf7 53. g6
Nh6 54. a7 Ke8 55. Rc6 1-0

[Event "London Classic Open 2017"]
[Site "London ENG"]
[Date "2017.12.08"]
[Round "8.63"]
[White "Oyama, Akito"]
[Black "Millward, Kevin P"]
[Result "1-0"]
[WhiteElo "2185"]
[BlackElo "2035"]
[WhiteFideId "7001630"]
[BlackFideId "404721"]
[EventDate "2017.12.02"]

1. e4 d5 2. exd5 Qxd5 3. d4 e5 4. Be3 Nc6 5. c4 Qa5+ 6. Bd2 Bb4 7. d5 Nd4 8. Nc3
Bf5 9. Rc1 Qb6 10. Nf3 Nxf3+ 11. Qxf3 Qg6 12. Qe3 Nf6 13. Qg3 O-O-O 14. Be2 Rhe8
15. a3 Bc5 16. O-O Ne4 17. Nxe4 Bxe4 18. Bc3 Qxg3 19. hxg3 c6 20. b4 Bd4 21.
Bxd4 exd4 22. Rfd1 cxd5 23. Rxd4 Bf5 24. cxd5+ Kb8 25. Bf3 Rd6 26. g4 Bd7 27.
Rf4 f6 28. g3 Re5 29. Rfc4 Re8 30. Kg2 Rc8 31. Be4 Rxc4 32. Rxc4 h6 33. Kf3 a6
34. Kf4 Bb5 35. Rc5 b6 36. Rc3 Bd7 37. Rd3 Kb7 38. Bf5 Bb5 39. Re3 g5+ 40. Ke4
Bc4 41. Be6 a5 42. bxa5 bxa5 43. Rc3 Ba2 44. Kf5 Bxd5 45. Bxd5+ Rxd5+ 46. Kxf6
Kb6 47. Kg7 a4 48. f4 gxf4 49. gxf4 Rb5 50. Kxh6 Rb3 51. Rc1 Rxa3 52. f5 Kb5 53.
Rf1 Rh3+ 54. Kg6 a3 55. f6 a2 56. f7 Rf3 57. Ra1 Rf2 58. Rxa2 Rxa2 59. f8=Q Rg2
60. Qf5+ Kb6 61. g5 Kc7 62. Kf7 Kd6 63. g6 Re2 64. Qd3+ 1-0

[Event "London Classic Open 2017"]
[Site "London ENG"]
[Date "2017.12.08"]
[Round "8.64"]
[White "Brozel, Sacha"]
[Black "Pollack, Oscar"]
[Result "1-0"]
[WhiteElo "2168"]
[BlackElo "2014"]
[WhiteFideId "429317"]
[BlackFideId "429414"]
[EventDate "2017.12.02"]

1. g3 e5 2. c4 Nc6 3. Nc3 f5 4. Nf3 Nf6 5. d4 e4 6. Nh4 d5 7. Bg5 Be7 8. e3 O-O
9. Ng2 dxc4 10. Bxc4+ Kh8 11. Nf4 Ne8 12. h4 Nd6 13. Bb3 Qe8 14. Ncd5 Bd8 15.
Bxd8 Qxd8 16. Qh5 Rf7 17. Ng6+ Kg8 18. Ne5 Be6 19. Nxf7 Bxf7 20. Nf4 Nc4 21. Qe2
Qe7 22. O-O b5 23. Rfc1 a5 24. Bxc4 Bxc4 25. Rxc4 Ne5 26. dxe5 bxc4 27. Qxc4+
Kh8 28. Rc1 Qxe5 29. Qxc7 Qe8 30. Ne2 h6 31. Nd4 Qh5 32. Qe5 Rf8 33. Ne6 Rg8 34.
Nf4 Qf7 35. Qe6 Qb7 36. Qxf5 Rd8 37. Qe5 Rg8 38. h5 Rc8 39. Rxc8+ Qxc8 40. Qxe4
Qc1+ 41. Kg2 Qxb2 42. Ng6+ Kh7 43. Qa8 Qxf2+ 44. Kxf2 1-0

[Event "London Classic Open 2017"]
[Site "London ENG"]
[Date "2017.12.08"]
[Round "8.65"]
[White "Cumming, Rhys"]
[Black "Burke, John S"]
[Result "1/2-1/2"]
[WhiteElo "2162"]
[BlackElo "1978"]
[WhiteFideId "470163"]
[BlackFideId "404322"]
[EventDate "2017.12.02"]

1. e4 d5 2. exd5 Qxd5 3. Nc3 Qd8 4. d4 c6 5. Ne4 g6 6. Nf3 Bg7 7. Bc4 Nf6 8.
Nxf6+ exf6 9. Be3 O-O 10. Qd2 Nd7 11. O-O-O Nb6 12. Bb3 a5 13. a3 a4 14. Ba2 Be6
15. Bxe6 fxe6 16. Qd3 Qd5 17. Kb1 Qb5 18. Qxb5 cxb5 19. Bd2 Rfd8 20. Rhe1 Kf7
21. g4 h6 22. h4 g5 23. Rh1 Rd5 24. Kc1 Nc4 25. Bc3 Rc8 26. Rd3 Rcd8 27. hxg5 1/2-1/2

[Event "London Classic Open 2017"]
[Site "London ENG"]
[Date "2017.12.08"]
[Round "8.66"]
[White "Mcgowan, Daniel"]
[Black "Lee, Kyungseok"]
[Result "0-1"]
[WhiteElo "2155"]
[BlackElo "1975"]
[WhiteFideId "2401479"]
[BlackFideId "13202154"]
[EventDate "2017.12.02"]

1. d4 Nf6 2. Nf3 e6 3. e3 b6 4. Bd3 Bb7 5. O-O d5 6. b3 Bd6 7. Bb2 O-O 8. Nbd2
Nbd7 9. c4 c5 10. Qc2 cxd4 11. Nxd4 Rc8 12. Qd1 Ne5 13. Be2 dxc4 14. Nxc4 Nxc4
15. Bxc4 Qc7 16. f4 Qe7 17. Qe2 Bc5 18. a3 a5 19. b4 axb4 20. axb4 Bxb4 21. Ra7
Bc5 22. Ba6 Bxa6 23. Rxa6 Qb7 24. Raa1 Qe4 25. Rf3 Rfd8 26. Rd1 Nd5 27. Rg3 g6
28. Qg4 Nxe3 29. Qe2 Bxd4 30. Bxd4 Rxd4 0-1

[Event "London Classic Open 2017"]
[Site "London ENG"]
[Date "2017.12.08"]
[Round "8.67"]
[White "Prior, Stephen C V"]
[Black "Klingher, Dominic"]
[Result "0-1"]
[WhiteElo "2037"]
[BlackElo "2153"]
[WhiteFideId "423378"]
[BlackFideId "428850"]
[EventDate "2017.12.02"]

1. Nf3 d6 2. e4 Nf6 3. Nc3 e5 4. d4 Nbd7 5. a4 Be7 6. Bc4 h6 7. O-O c6 8. Qe2
Qc7 9. a5 Nf8 10. Be3 Ng4 11. dxe5 dxe5 12. Bd2 Ne6 13. Rfd1 Bc5 14. Be1 Nf4 15.
Qf1 Nf6 16. Na4 Bd6 17. Bc3 Nxe4 18. Rxd6 Nxc3 19. Rd2 Nxa4 20. Nxe5 Be6 21.
Bxe6 Nxe6 22. Nc4 Nac5 23. Nd6+ Kf8 24. Qc4 Nd7 25. Re1 Nf6 26. Nf5 Kg8 27. Rxe6
fxe6 28. Qxe6+ Kh7 29. Ne7 Qxa5 30. h4 Rhe8 31. b4 Qh5 32. Qe3 Rxe7 33. Qxe7 Re8 0-1

[Event "London Classic Open 2017"]
[Site "London ENG"]
[Date "2017.12.08"]
[Round "8.68"]
[White "Gudenas, Motiejus"]
[Black "Marusenko, Petr"]
[Result "0-1"]
[BlackTitle "IM"]
[WhiteElo "2023"]
[BlackElo "2145"]
[WhiteFideId "2405229"]
[BlackFideId "14100606"]
[EventDate "2017.12.02"]

1. e4 c6 2. d4 d5 3. exd5 cxd5 4. c4 Nf6 5. Nc3 Nc6 6. Nf3 Bg4 7. cxd5 Nxd5 8.
Qb3 Bxf3 9. gxf3 e6 10. Qxb7 Nxd4 11. Bb5+ Nxb5 12. Qc6+ Ke7 13. Qxb5 Qd7 14.
Nxd5+ Qxd5 15. Qxd5 exd5 16. Be3 Ke6 17. Kd2 Bd6 18. Bd4 f6 19. Kd3 Rhc8 20.
Rac1 Kf5 21. Rxc8 Rxc8 22. Bxa7 Ra8 23. Bd4 Rxa2 24. Rg1 g5 25. h3 Be5 26. Bxe5
fxe5 27. Rb1 Kf4 28. b4 Kxf3 29. b5 Kxf2 30. b6 Ra3+ 31. Kd2 Ra8 32. Rb5 e4 33.
Rxd5 e3+ 34. Kd3 Re8 35. b7 e2 36. Rf5+ Ke1 37. Rb5 Kf2 38. Rf5+ Kg3 39. b8=Q+
Rxb8 40. Kxe2 h6 41. Rf3+ Kg2 42. Ra3 Re8+ 43. Kd2 Re4 44. Ra6 Rh4 45. Ke3 Rxh3+
46. Ke4 h5 47. Kf5 g4 48. Kf4 Rb3 49. Ra5 Rb4+ 50. Kg5 g3 51. Kxh5 Kh2 0-1

[Event "London Classic Open 2017"]
[Site "London ENG"]
[Date "2017.12.08"]
[Round "8.69"]
[White "Boger, Raymond"]
[Black "Gayson, Peter M"]
[Result "0-1"]
[WhiteElo "1986"]
[BlackElo "2145"]
[WhiteFideId "1507419"]
[BlackFideId "401838"]
[EventDate "2017.12.02"]

1. c4 e5 2. g3 d6 3. Bg2 f5 4. Nc3 Nf6 5. d3 Be7 6. e4 Nc6 7. Nge2 O-O 8. O-O
Be6 9. Nd5 Qd7 10. Nec3 Rae8 11. Nxf6+ Bxf6 12. Nd5 Bd8 13. exf5 Bxf5 14. Ne3
Be6 15. Qh5 Nd4 16. Bd5 g6 17. Bxe6+ Qxe6 18. Qg4 Nf3+ 19. Kg2 Qf7 20. Qe4 c6
21. Ng4 Qd7 22. Nh6+ Kh8 23. Qg4 Qg7 24. h4 Bb6 25. h5 Rf6 26. hxg6 Ref8 27. Rh1
Rxg6 28. Nf5 Rxg4 29. Nxg7 Rxg7 30. Bh6 Ne1+ 31. Kh3 Nxd3 32. Bxg7+ Kxg7 33.
Rhf1 Rxf2 34. Rxf2 Nxf2+ 35. Kg2 e4 36. b3 Bd4 37. Re1 Kf6 38. Re2 Ke5 39. Kf1
e3 40. Kg2 Ke4 0-1

[Event "London Classic Open 2017"]
[Site "London ENG"]
[Date "2017.12.08"]
[Round "8.70"]
[White "Woong, Zhi Wei William"]
[Black "Rice, Chris B"]
[Result "1-0"]
[WhiteTitle "CM"]
[WhiteElo "2137"]
[BlackElo "1969"]
[WhiteFideId "5804906"]
[BlackFideId "404446"]
[EventDate "2017.12.02"]

1. e4 e6 2. d4 d5 3. Nc3 Nf6 4. Bg5 Be7 5. e5 Nfd7 6. Bxe7 Qxe7 7. f4 a6 8. Nf3
Nb6 9. Qd2 Bd7 10. a4 c5 11. a5 Nc8 12. dxc5 Qxc5 13. Bd3 Ne7 14. Qf2 Qxf2+ 15.
Kxf2 O-O 16. g3 Bc6 17. Rhe1 Nd7 18. Ne2 Nc5 19. Ned4 Bd7 20. b4 Nxd3+ 21. cxd3
Rac8 22. Rec1 Rxc1 23. Rxc1 Rc8 24. Rxc8+ Nxc8 25. Nb3 b6 26. Ke3 bxa5 27. bxa5
Na7 28. Kd4 Bb5 29. Kc5 Bxd3 30. Kb6 Nb5 31. Nc5 Be2 32. Nd2 Na3 33. Nxa6 Nc4+
34. Nxc4 dxc4 35. Nc5 c3 36. a6 Bxa6 37. Kxa6 f6 38. Nd3 Kf7 39. Kb5 c2 40. Kc5
Kg6 41. g4 fxe5 42. fxe5 1-0